Education vs. Entrepreneurship – Between Theory and Practice: The Case of SMEs in Poland

V súčasnosti je vývoj prostredia organizačného manažmentu čoraz rozsiahlejší a rovnako ako v iných vysoko vyspelých krajinách, sektor malých a stredných podnikov v Poľsku zohráva zásadnú úlohu v ekonomike. V súčasnosti narastajú obavy v oblasti podnikateľského vzdelávania vo svete vedy. Obavy vyvolá...

Description complète

Enregistré dans:
Détails bibliographiques
Auteur principal: Janowski, Andrzej
Autres auteurs: Gonchar, Olga, Yakovyshyn, Ruslan
Format: Chapitre de livre
Langue:anglais
Sujets:
Tags: Ajouter un tag
Pas de tags, Soyez le premier à ajouter un tag!

MARC

LEADER 00000naa a2200000 4500
001 0291884
005 20230405100018.9
041 0 |a eng 
044 |a CZ 
245 1 0 |a Education vs. Entrepreneurship – Between Theory and Practice: The Case of SMEs in Poland  |c Andrzej Janowski, Olga Gonchar, Ruslan Yakovyshyn 
520 |a V súčasnosti je vývoj prostredia organizačného manažmentu čoraz rozsiahlejší a rovnako ako v iných vysoko vyspelých krajinách, sektor malých a stredných podnikov v Poľsku zohráva zásadnú úlohu v ekonomike. V súčasnosti narastajú obavy v oblasti podnikateľského vzdelávania vo svete vedy. Obavy vyvolávajú diskusiu o tom, či táto vedecká aktivita môže ovplyvniť podnikateľskú efektivitu. Autori došli k záveru, že súčasné akademické manažérske práce sú vo veľkej väčšine zamerané na teoretické aspekty podnikania, pričom názory skutočných podnikateľov sú vynechávané. Preto sa rozhodli preskúmať praktické podnikateľské prostredie, aby túto medzeru vyriešili. Účastníkmi výskumu bolo 189 podnikateľov, ktorí nepretržite pôsobili minimálne 20 rokov. Skúmali tri ciele a nakoniec sa snažili overiť pozitívnku koreláciu medzi podnikateľským vzdelávaním a jeho skutočným vplyvom na podnikanie. 
610 2 0 |a vzdelávanie 
610 2 0 |a podnikanie 
610 2 0 |a podnik malý 
610 2 0 |a podnik stredný 
610 2 0 |a manažment 
610 2 0 |a teória a prax 
610 2 0 |a Poľsko 
100 1 |a Janowski, Andrzej 
700 1 |a Gonchar, Olga 
700 1 |a Yakovyshyn, Ruslan